Fundamental of power system protection / (Record no. 134828)
[ view plain ]
| 000 -LEADER | |
|---|---|
| fixed length control field | 00745nam a22002417a 4500 |
| 005 - DATE AND TIME OF LATEST TRANSACTION | |
| control field | 20170124110234.0 |
| 010 ## - LIBRARY OF CONGRESS CONTROL NUMBER | |
| LC control number | B-106241 |
| 020 ## - INTERNATIONAL STANDARD BOOK NUMBER | |
| Terms of availability | 225.00 |
| International Standard Book Number | 8120321944 |
| 035 ## - SYSTEM CONTROL NUMBER | |
| System control number | B-106241 |
| 037 ## - SOURCE OF ACQUISITION | |
| Source of stock number/acquisition | Cen Lib/Ret |
| 040 ## - CATALOGING SOURCE | |
| Original cataloging agency | DPL |
| Language of cataloging | EN |
| 082 ## - DEWEY DECIMAL CLASSIFICATION NUMBER | |
| Classification number | 621.31 |
| Item number | PAI |
| 100 ## - MAIN ENTRY--PERSONAL NAME | |
| Personal name | Paithankar, Y.G. |
| 9 (RLIN) | 41885 |
| 245 ## - TITLE STATEMENT | |
| Title | Fundamental of power system protection / |
| Statement of responsibility, etc | by Y.G. Paithnkar [and] S.R. Bhide |
| 260 ## - PUBLICATION, DISTRIBUTION, ETC. (IMPRINT) | |
| Place of publication, distribution, etc | New Delhi |
| Name of publisher, distributor, etc | Prentice hall of India |
| Date of publication, distribution, etc | 2005 |
| 270 ## - ADDRESS | |
| City | New Delhi |
| Address | M-97, Connaught circus |
| Postal code | 11001 |
| 300 ## - PHYSICAL DESCRIPTION | |
| Extent | 287p. |
| Dimensions | 23cm(Hb) |
| 500 ## - GENERAL NOTE | |
| General note | Includes index |
| 650 ## - SUBJECT ADDED ENTRY--TOPICAL TERM | |
| Topical term or geographic name as entry element | Computer science |
| 9 (RLIN) | 41886 |
| 650 ## - SUBJECT ADDED ENTRY--TOPICAL TERM | |
| Topical term or geographic name as entry element | Power system protection |
| 9 (RLIN) | 41887 |
| 700 ## - ADDED ENTRY--PERSONAL NAME | |
| Personal name | Bhide, S.R. |
| 9 (RLIN) | 41869 |
| 942 ## - ADDED ENTRY ELEMENTS (KOHA) | |
| Source of classification or shelving scheme | Dewey Decimal Classification |
| Koha item type | English Books |
| Classification part | 621.31 |
| Call number suffix | PAI |
| Withdrawn status | Lost status | Damaged status | Not for loan | Home library | Current library | Date acquired | Source of acquisition | Cost, normal purchase price | Total Checkouts | Full call number | Barcode | Date last seen | Date checked out | Copy number | Cost, replacement price | Price effective from | Koha item type |
|---|---|---|---|---|---|---|---|---|---|---|---|---|---|---|---|---|---|
| Central Library | Central Library | 31/07/2015 | Cen Lib/Ret | 225.00 | 1 | 621.31 PAI | B-106241 | 21/08/2019 | 11/06/2018 | 1 | 225.00 | 31/07/2015 | English Books |
